Juan de la Cruz: silencio y creatividad
Saved in:
| Main Author: | |
|---|---|
| Format: | Book |
| Language: | Spanish |
| Published: |
Madrid
Trotta
1996
|
| Series: | Colección Estructuras y Procesos. Serie Filosofía
|
| Subjects: | |
| Tags: |
Add Tag
No Tags, Be the first to tag this record!
|
MARC
| LEADER | 00000nam a2200000 a 4500 | ||
|---|---|---|---|
| 001 | UCO9915 | ||
| 003 | CL-VaPUC | ||
| 008 | 010316e19960000SP |||||||||||||||||spa|d | ||
| 082 | 0 | 4 | |a 248.894 |b ROS |2 21 |
| 100 | 0 | |a Rossi, Rosa |e author |9 455134 | |
| 245 | 1 | 0 | |a Juan de la Cruz: silencio y creatividad |
| 300 | |a 140 p | ||
| 942 | |c BK | ||
| 945 | |d 20010316 00:00:00 |a vberengu | ||
| 260 | |a Madrid |b Trotta |c 1996 | ||
| 600 | 0 | 7 | |a SAN JUAN DE LA CRUZ, 1542-1591 |2 CL-VaPUC |9 455135 |
| 650 | 0 | |a Biografías |9 255210 | |
| 583 | |a last modification |c 20010316 00:00:00 |k Rodrigo Vera | ||
| 490 | 0 | |a Colección Estructuras y Procesos. Serie Filosofía | |
| 999 | |c 293930 |d 293928 | ||
| 952 | |0 0 |1 0 |4 0 |6 248_894000000000000_ROS_1996 |7 0 |8 A |9 345713 |a BIBTEO |b BIBTEO |d 2019-11-20 |i 3665712 |o 248.894 ROS 1996 |p 3665712 |r 2025-01-17 |w 2019-11-20 |y BK |k ICR | ||
| 952 | |0 0 |1 0 |4 0 |6 248_894000000000000_ROS_1996 |7 0 |8 A |9 345714 |a BIBTEO |b BIBTEO |d 2019-11-20 |i 3740609 |o 248.894 ROS 1996 |p 3740609 |r 2025-01-17 |w 2019-11-20 |y BK |k ICR | ||